| 000 | 00542nam a2200217 a 4500 | ||
|---|---|---|---|
| 003 | AR-BaBNM | ||
| 005 | 20251128203606.0 | ||
| 008 | 082120s2002 ||||||||||||||000 | spa|| | ||
| 040 | _cAR-BaBNM | ||
| 100 | 1 | _aLionni, Leo | |
| 245 | 0 | 0 | _aLa casa más grande del mundo |
| 260 |
_aBuenos Aires _bKapelusz _c1975 |
||
| 300 |
_a28 p. _bil. |
||
| 650 | 4 | _aLITERATURA INFANTIL | |
| 650 | 4 | _aLIBROS PARA NIÑOS | |
| 650 | 4 | _aCUENTOS DE ANIMALES | |
| 655 | _aLITERATURA | ||
| 700 | 1 |
_aKull, Verena _etraductor |
|
| 942 | _cBK | ||
| 998 | _cisola | ||
| 999 |
_c4053 _d4053 |
||